| 000 | 00498nam a2200181Ia 4500 | ||
|---|---|---|---|
| 003 | OSt | ||
| 005 | 20230511114847.0 | ||
| 008 | 210423s1997 xx 000 0 und d | ||
| 040 | _cAL | ||
| 041 | _aeng | ||
| 082 |
_a921 _223 _bAHIS |
||
| 100 |
_aAHIR (D C),Ed. _9102846 |
||
| 245 | _aSelected speeches of Dr. B R Ambedkar. | ||
| 260 |
_aDelhi _bBluemoon Books _c1997 |
||
| 365 |
_b50 _cINR |
||
| 906 | _aAmbedkar. ; B ; Dr. ; Dr.Ambedkar. ; R ; Selected ; speches ; speeches | ||
| 942 |
_2ddc _cBK |
||
| 999 |
_c171948 _d171948 |
||